Statistics for Saudi Arabia Football Team World Cup Starting XI

Click here to take the quiz!

General Stats

  • This quiz has been taken 101 times
    (89 since last reset)
  • The average score is 9 of 51

Answer Stats

Player% Correct
Salem Al-Dawsari
91%
Khamis Al-Owairan
53%
Saeed Al-Owairan
53%
Sami Al-Jaber
40%
Mohamed Kanno
36%
Mohammed Al-Owais
36%
Saleh Al-Shehri
35%
Fouzi Al-Shehri
33%
Salman Al-Faraj
31%
Yasser Al-Shahrani
31%
Ibrahim Al-Shahrani
29%
Saud Abdulhamid
25%
Motaz Hawsawi
24%
Osama Hawsawi
24%
Ali Al-Bulaihi
22%
Firas Al-Buraikan
20%
Abdulellah Al-Malki
18%
Hassan Al Tambakti
18%
Yasser Al-Qahtani
18%
Abdulelah Al-Amri
15%
Abdullah Otayf
15%
Mohamed Al-Deayea
15%
Hattan Bahebri
13%
Mohammed Al-Breik
13%
Sultan Al-Ghanam
13%
Fahad Al Muwallad
11%
Fuad Anwar
11%
Hussein Abdulghani
11%
Khaled Aziz
11%
Mabrouk Zaid
11%
Mohammed Noor
11%
Nawaf Al-Temyat
11%
Omar Al-Ghamdi
11%
Redha Tukar
11%
Ahmed Dokhi
9%
Al Hasan Al-Yami
9%
Hamad Al-Montashari
9%
Hamzah Saleh
9%
Taisir Al-Jassim
9%
Yasser Al-Mosailem
9%
Abdullah Zubromawi
7%
Ahmed Jamil Madani
7%
Fahad Al-Bishi
7%
Mohamed Al-Jawad
7%
Mohammed Al-Jahani
7%
Saud Kariri
7%
Talal Jebreen
7%
Abdulaziz Khathran
5%
Abdullah Al-Waked
5%
Mohammed Al Khilaiwi
5%
Mohammed Al-Khilaiwi
5%

Score Distribution

Percentile by Number Answered

Percent of People with Each Score

Your Score History

You have not taken this quiz since the last reset